000 01210nam a22002537a 4500
005 20170124103205.0
010 _aB-076764
020 _c60.00
035 _aB-076764
037 _bCen Lib/Ret
040 _aDPL
_bHN
082 _a342.02
_bतिवारी
100 _aतिवारी, कैलाश कान्त
_993433
245 _aआधुनिक सरकारें /
_cकैलाश कान्त तिवारी
246 _aAdhunik sarkaren /
_bby Kailash Kant Tiwari
260 _aभोपाल
_bमध्यप्रदेश हिन्दी ग्रन्थ अकादमी
_c2002
270 _bभोपाल
_aरवीन्द्रनाथ ठाकुर मार्ग, बाणगंगा
_e462 003
300 _a310पृ.
_c22सेमी(सजिल्द)
650 _aसंविधान -- विकास एवं स्त्रोत
_985763
650 _aसंविधान -- संयुक्त राज्य अमेरिका
_993434
650 _aConstitution - Development & resources
_993435
650 _aConstitution - USA
_993436
942 _2ddc
_cHN
_h342.02
_mतिवारी
999 _c120929
_d120929